1082 1389 1926 1444 1460 1468 1089 1497 1279 1098 1855 1457 1487 1457 1031 1338 1281 1914 1035 1183 1289 1428 1474 1976 1710 1385 1609 1498 1169 1538 1702 1314 1604 1188 1584 1136 1022 1252 1488 1248 1302 1763 1475 1008 1216 1844 1424 1900 1385 1668 1460 1843 1368 1979 1323 1054 1861 1537 1078 1979 1092 1212 1981 1543 1201 1335 1015 1143 1273 1240 1349 1222 1113 1544 1304 1487 1345 1912 1812 1692 1667 1674 1204 1065 1940 1074 1601 1497 1055 1906 1563 1756 1092 1233 1122 1917 1952 1471 1408 BCNSPRNW ULIB Ver.6.0+V

เปลี่ยนเป็นภาษาไทย

Change to English
 แสดงรายละเอียดบรรณานุกรม
  กลับหน้าหลัก

Brief Record : Get Marc (ISO 2709) : E-mail record : QR code < ปิดหน้าต่าง
LEADER : 00000nam 2200000uu 4500
001    13399126453
003     ULIB
008    180918s2560||||th 000 0 tha d
020    ^a9786169299110
060    ^aWY105 พ885ม
100    ^aเพ็ญจันทร์ แสนประสาน ดวงกมล วัตราดุลย์ และกนกพร แจ่มสมบูรณ์
245    ^aมาตรฐานการพยาบาล CVT : แนวคิดการพัฒนาคุณภาพ (ฉบับปรับปรุง ครั้งที่ 2)
250    ^aพิมพ์ครั้งที่ 1
260    ^aกรุงเทพฯ :^bสุขุมวิทการพิมพ์,^c2560
300    ^a259 หน้า^bภาพประกอบ
650    ^aการพยาบาล^xมาตรฐานการพยาบาล
650    ^aการพยาบาล^xการพัฒนาคุณภาพ
945    ^p280^l0^i26656
945    ^p280^l0^i26657
999    ^aกัณชพร จุลอักษร
รายการนี้ยังไม่มีแท็ก
คุณยังไม่ได้ล็อกอิน คุณสามารถมีกิจกรรมร่วมกับเว็บไซต์ได้ แต่ต้องล็อกอินก่อน ::
  ล็อกอิน

รายการสื่อสารสนเทศ

ลำดับที่ ประเภท เลขเรียก/บาร์โค้ด สถานที่ สถานะ
1. หนังสือสำรอง
หนังสือสำรอง
WY105 พ885ม ฉ.1 
  Barcode: 26656
ห้องสมุดวิทยาเขตนครสวรรค์
►หนังสือทั่วไป:l:General Books
บนชั้น
2. วิทยาศาสตร์การแพทย์ และสุขภาพ
วิทยาศาสตร์การแพทย์ และสุขภาพ
WY105 พ885ม ฉ.2 
  Barcode: 26657
ห้องสมุดวิทยาเขตนครสวรรค์
►หนังสือทั่วไป:l:General Books
บนชั้น

รายการใกล้เคียง
    ชื่อเรื่อง [มาตรฐานการพยาบาล CVT : แนวคิดการพัฒนาคุณภาพ (ฉบับปรับปรุง ครั้งที่ 2)]

    ผู้แต่ง [เพ็ญจันทร์ แสนประสาน ดวงกมล วัตราดุลย์ และกนกพร แจ่มสมบูรณ์]

BibComment


ยังไม่เคยถูกคอมเมนท์

คอมเมนท์ทรัพยากรรายการนี้
  คอมเมนท์: มาตรฐานการพยาบาล..


 Copyright 2026. Bcnsprnw @Library